| 000 | 00749nam a2200241 i 4500 | ||
|---|---|---|---|
| 001 | 15151 | ||
| 003 | ES-MaACL | ||
| 005 | 20240418111911.0 | ||
| 007 | t| | ||
| 008 | 991227s1999 sp ||||1| spa d | ||
| 020 | _a84-322-0789-6 | ||
| 080 | _a821.134.2-14"19" | ||
| 100 | 1 |
_aJiménez, Juan Ramón, _d1881-1958 _966417 |
|
| 245 | 1 | 3 |
_aLa muerte / _cJuan Ramón Jiménez ; edición y estudio preliminar de Diego Martínez Torrón. |
| 250 | _a1ª ed. | ||
| 260 |
_aBarcelona : _bSeix Barral, _c1999. |
||
| 300 |
_a176 p. ; _c23 cm. |
||
| 490 | 1 | _aBiblioteca breve | |
| 700 | 0 |
_aMartínez Torrón, Diego, _d1950- _978451 |
|
| 830 | 0 |
_aBiblioteca breve (Seix Barral) _9227188 |
|
| 852 |
_aES-MaACL _jL-22422 _bR.127633 |
||
| 999 |
_c15151 _d15151 |
||